Équipe d'Écosse de Football - Tous les joueurs (2010-....) - Statistiques

Statistiques générales
  • Ce quiz a été pris 11 fois
  • Le résultat moyen est 21 sur 134
Statistiques - réponses
Première sélection Dernière sélection Joueur Nb de sélections % Correct
2014 Andy Robertson 90
91%
2018 Scott McTominay 67
91%
2008 2010 Scott Robertson 2
91%
2016 Kieran Tierney 53
82%
2007 2018 Allan McGregor 42
64%
2021 Billy Gilmour 43
64%
2017 2024 Callum McGregor 63
64%
2016 John McGinn 83
64%
2021 Paul McGinn 1
64%
2007 2015 Charlie Adam 26
55%
2022 Aaron Hickey 19
45%
2021 Ché Adams 45
45%
2010 2011 Danny Wilson 5
45%
2025 James Wilson 1
45%
2021 Lewis Ferguson 21
45%
2011 2011 Mark Wilson 1
45%
2024 Ben Gannon-Doak 12
36%
2011 2012 Craig Mackail-Smith 7
36%
2011 Grant Hanley 66
36%
2021 Nathan Patterson 23
36%
2017 Ryan Christie 64
36%
2023 Angus Gunn 20
27%
2004 Craig Gordon 83
27%
2003 2017 Darren Fletcher 80
27%
2001 2013 Kenny Miller 69
27%
2025 Lennon Miller 4
27%
2023 Liam Kelly 1
27%
2025 Max Johnston 4
27%
2017 Ryan Jack 20
27%
2008 2018 Steven Fletcher 33
27%
2023 Zander Clark 4
27%
2021 Anthony Ralston 24
18%
2025 Cieran Slicker 1
18%
2009 2013 Craig Conway 7
18%
2025 Graham Hirst 6
18%
2019 Greg Taylor 14
18%
2018 Jack Hendry 35
18%
2011 James Forrest 39
18%
2018 John Souttar 21
18%
2025 Josh Doig 1
18%
2016 Kenny McLean 54
18%
2019 Lawrence Shankland 18
18%
2019 2024 Liam Cooper 19
18%
2020 Lyndon Dykes 48
18%
2018 2021 Oli McBurnie 16
18%
2017 2022 Ryan Fraser 26
18%
2022 Ryan Porteous 13
18%
2018 Scott Bain 3
18%
2018 Scott McKenna 47
18%
2018 2022 Stephen O'Donnell 26
18%
2017 Stuart Armstrong 51
18%
2024 Tommy Conway 6
18%
2025 Andy Irving 1
9%
2016 2020 Callum Paterson 17
9%
2006 2014 Chris Burke 7
9%
2025 Connor Barron 1
9%
2004 2021 David Marshall 47
9%
2021 David Turnbull 5
9%
2019 2021 Declan Gallagher 8
9%
2023 Dominic Hyam 1
9%
2021 Jacob Brown 8
9%
2018 2018 Jamie Murphy 2
9%
2014 2019 Johnny Russell 14
9%
2018 2019 Jon McLaughlin 2
9%
2018 2018 Kevin McDonald 5
9%
2021 Kevin Nisbet 11
9%
2025 Kieron Bowie 2
9%
2012 2020 Leigh Griffiths 22
9%
2018 2018 Lewis Morgan 2
9%
2019 2021 Liam Palmer 8
9%
2019 2019 Michael Devlin 3
9%
2016 2020 Oliver Burke 13
9%
2011 2019 Robert Snodgrass 28
9%
2025 Ross Doohan 1
9%
2024 Ross McCrorie 1
9%
2005 2017 Scott Brown 55
9%
2007 2019 Steven Naismith 51
9%
2017 2018 Tom Cairney 2
9%
2007 2016 Alan Hutton 50
0%
2020 2020 Andrew Considine 3
0%
2003 2013 Andy Webster 28
0%
2010 2017 Barry Bannan 27
0%
2007 2012 Barry Robson 17
0%
2012 2019 Charlie Mulgrew 44
0%
2018 2018 Chris Cadden 2
0%
2008 2010 Chris Iwelumo 4
0%
2011 2011 Chris Maguire 2
0%
2014 2017 Chris Martin 17
0%
2008 2017 Christophe Berra 41
0%
2010 2016 Craig Bryson 3
0%
2014 2015 Craig Forsyth 4
0%
2009 2012 Danny Fox 4
0%
2018 2019 David Bates 4
0%
2010 2011 David Goodwillie 3
0%
1997 2010 David Weir 69
0%
2009 2012 Don Cowie 10
0%
2018 2018 Dylan McGeouch 2
0%
2010 2010 Garry Kenneth 2
0%
2002 2013 Gary Caldwell 55
0%
2013 2018 Gary Mackay-Steven 2
0%
2013 2014 George Boyd 2
0%
2013 2016 Gordon Greer 11
0%
2018 2019 Graeme Shinnie 6
0%
2009 2015 Graham Dorrans 12
0%
2013 2017 Ikechi Anya 29
0%
2010 2017 James McArthur 32
0%
2002 2010 James McFadden 48
0%
2008 2017 James Morrison 46
0%
2010 2012 Jamie Mackie 9
0%
2017 2018 Jason Cummings 2
0%
2019 2021 John Fleck 5
0%
2011 2017 Jordan Rhodes 14
0%
2002 2010 Kevin Kyle 10
0%
2008 2010 Kevin Thomson 3
0%
2008 2010 Kirk Broadfoot 4
0%
2006 2010 Kris Boyd 18
0%
2008 2013 Kris Commons 12
0%
2004 2010 Lee McCulloch 18
0%
2009 2017 Lee Wallace 10
0%
2013 2016 Liam Bridcutt 2
0%
2019 2019 Marc McNulty 2
0%
2012 2013 Matt Gilks 3
0%
2012 2019 Matt Phillips 16
0%
2015 2018 Matt Ritchie 16
0%
2012 2021 Paul Dixon 3
0%
2005 2010 Paul Hartley 25
0%
2010 2014 Phil Bardsley 13
0%
2008 2016 Ross McCormack 13
0%
2011 2017 Russell Martin 29
0%
2005 2016 Shaun Maloney 47
0%
2002 2011 Stephen Crainey 12
0%
2006 2010 Stephen McManus 26
0%
2001 2011 Steven Caldwell 12
0%
2009 2016 Steven Whittaker 31
0%
Aucun quiz correspondant
Distribution des résultats
% des personnes avec chaque résultat
Percentile par nombre de réponses
Votre historique - résultats
Vous n’avez pas pris ce quiz